| 000 | 00497nam a22001937a 4500 | ||
|---|---|---|---|
| 003 | OSt | ||
| 005 | 20140310181949.0 | ||
| 008 | 130725t xxu||||| |||| 00| 0 eng d | ||
| 020 | _a0307010355x | ||
| 050 |
_aPZ 7 _b.D541 1999 |
||
| 082 |
_aKF D54c _b1999 |
||
| 100 |
_aDias, Ron _94184 |
||
| 245 |
_aCinderella / _cRon Dias, Bill Lorencz |
||
| 260 |
_aNew York : _bGolden Book, _c1999. |
||
| 300 |
_a23 p. _bill. col. ; _c20 cm. |
||
| 541 | _j1 | ||
| 562 | _e1 | ||
| 942 |
_2lcc _cBK-KF _kKF |
||
| 999 |
_c7830 _d7830 |
||